| 000 | 00368nam a2200133Ia 4500 | ||
|---|---|---|---|
| 008 | 220204s9999 xx 000 0 und d | ||
| 082 |
_a658.15 _bHEM |
||
| 100 | _aHempel, George H | ||
| 245 | 0 | _aFinancial management of financial institutions | |
| 260 |
_aNew Jersey _bPrentice Hall _c1977 |
||
| 650 | _aFinancial management | ||
| 700 | _aYawitz, Jess B | ||
| 942 | _cBK | ||
| 999 |
_c30449 _d30449 |
||